| 000 | 00997nam0a2200289 4500 | ||
|---|---|---|---|
| 001 | RU\NLR\bibl\1234307 | ||
| 005 | 20260408185805.0 | ||
| 021 |
_aRU _b2008-26554 _91465 |
||
| 035 | _a(NLR Aleph) 001220558 | ||
| 090 |
_a135686 _c135686 |
||
| 100 | _a20080529d2007 k y0rusy50 ca | ||
| 101 | 0 | _arus | |
| 102 | _aRU | ||
| 105 | _ay ||||||||| | ||
| 200 | 1 |
_aВ поисках принципа теории ценности _e[сборник статей] |
|
| 210 |
_aМосква _cЭкономические науки _d2007 (макет 2006) |
||
| 215 |
_a72 с. _d21 |
||
| 320 | _aБиблиогр. в подстроч. прим. | ||
| 606 | 1 |
_aСтоимость _jСборники _xТеория _92243060 _3RU\NLR\auth\661345836 |
|
| 606 |
_aЦенность (экон.) _jСборники _3RU\NLR\auth\661205152 _92002060 |
||
| 686 | _aУ010.101.5я43 | ||
| 801 | 0 |
_aRU _bNLR _c20080529 _gRCR |
|
| 801 | 1 |
_aRU _bNLR _c20080529 |
|
| 942 | _cBOOK | ||
| 980 | _aNB | ||